| 000 | 00575cam a22002171 4500 | ||
|---|---|---|---|
| 001 | af 48005222 | ||
| 003 | DLC | ||
| 005 | 20260227110913.0 | ||
| 008 | 880902s1944 it 000 0 ita | ||
| 010 | _aaf 48005222 | ||
| 035 | _a(OCoLC)23518076 | ||
| 040 |
_aDLC _cMiU _dDLC |
||
| 042 | _apremarc | ||
| 050 | 0 | 0 |
_aHX291 _b.M33 |
| 100 | 1 |
_aMarchetti, Mario, _d1894- |
|
| 245 | 0 | 0 | _aSocialismo. |
| 260 |
_aRoma, _bSocietà editrice Avanti! _c[1944] |
||
| 300 |
_a95 p. _c17 cm. |
||
| 650 | 0 | _aSocialism | |
| 830 | 0 |
_aBiblioteca di propaganda socialista. Roma-Milano ; _vn. 5. |
|
| 999 |
_c6412 _d6412 |
||